Globalizace terorismu: staronový fenomén

Vysvetlenie pojmu terorizmus. Teritoriálne obmedzený a teritoriálne neobmedzený terorizmus. Charakteristika pojmu globalizácia. Globálny vplyv terorizmu. Súvislosť medzi kľúčovými aspektami vývoja ľudskej spoločnosti a terorizmom. Boj proti terorizmu.

Salvato in:
Dettagli Bibliografici
Autore principale: Závěšický, Jan
Natura: Capitolo di libro
Lingua:ceco
Soggetti:
Tags: Aggiungi Tag
Nessun Tag, puoi essere il primo ad aggiungerne!!

MARC

LEADER 00000naa$a2200000$$$4500
001 0048915
005 20231016092452.4
041 0 |a cze 
044 |a CZ 
245 1 0 |a Globalizace terorismu: staronový fenomén  |c Jan Závěšický 
520 |a Vysvetlenie pojmu terorizmus. Teritoriálne obmedzený a teritoriálne neobmedzený terorizmus. Charakteristika pojmu globalizácia. Globálny vplyv terorizmu. Súvislosť medzi kľúčovými aspektami vývoja ľudskej spoločnosti a terorizmom. Boj proti terorizmu. 
610 2 0 |a terorizmus 
610 2 0 |a konflikty medzinárodné 
610 2 0 |a konflikty náboženské 
610 2 0 |a globalizácia 
610 2 0 |a spoločnosť 
610 2 0 |a vzťahy medzinárodné 
610 2 0 |a politika medzinárodná 
610 2 0 |a bezpečnosť 
100 1 |a Závěšický, Jan